| 000 | 00599nam a22001937a 4500 | ||
|---|---|---|---|
| 005 | 20180622105651.0 | ||
| 010 | _aENG-123290 | ||
| 020 |
_c1695.00 _a9788181523778 |
||
| 035 | _aEN-106822 | ||
| 037 | _bDBAD/PUB | ||
| 082 | _a338.10954 | ||
| 100 | _aDas, Parmita | ||
| 245 |
_aContemporary issues of Indian economy/ _cby Parmita Das |
||
| 260 |
_aJaipur _bBook Enclave _c2016 |
||
| 270 |
_aF-11, S.S. Tower, Dhamani Street, Chaura Rasta, _bJaipur _e302003 |
||
| 300 |
_a281p. _c22cm(Hb) |
||
| 500 | _ait includes bibliography [and] index | ||
| 942 |
_2ddc _cEN _mDAS _h338.10954 |
||
| 999 |
_c152950 _d152950 |
||